[Event "Autumn Cup"]
[Site "Wellington Chess Club"]
[Date "2018.05.10"]
[Round "3.2.3"]
[White "Jackson, Ross"]
[Black "Forster, Bill"]
[Result "1/2-1/2"]
[WhiteElo "1986"]
[BlackElo "2051"]

1. d4 c6 2. f3 e5 3. e4 Qb6 4. c3 d6 5. Bc4 Nf6 6. dxe5 dxe5 7. Qb3 Qxb3 8.
axb3 b5 9. Bf1 Bc5 10. b4 Bb6 11. Bg5 Be6 12. Nd2 Nbd7 13. Ne2 g6 14. Nc1 a5
15. bxa5 Rxa5 16. Rxa5 Bxa5 17. b4 Bb6 18. c4 bxc4 19. Bxc4 Ke7 20. Ke2 Ra8 21.
Bxe6 Kxe6 22. Nd3 h6 23. Be3 Ra2 24. Rc1 Kd6 25. Bxb6 Nxb6 26. Ke3 Ng8 27. Rc5
f6 28. b5 cxb5 29. Rxb5 Kc6 30. Rc5+ Kd6 31. Rb5 Kc6 32. Rc5+ Kd6 1/2-1/2

[Event "Autumn Cup"]
[Site "Wellington Chess Club"]
[Date "2018.05.10"]
[Round "3.3.2"]
[White "Aldridge, Alan"]
[Black "Wilkins, Mark"]
[Result "1/2-1/2"]
[WhiteElo "1934"]
[BlackElo "1922"]

1. e4 c5 2. Nf3 g6 3. c3 Bg7 4. d4 cxd4 5. cxd4 Nf6 6. Nc3 O-O 7. h3 d5 8. exd5
Nxd5 9. Bc4 Nb6 10. Bb3 Nc6 11. d5 Na5 12. O-O Qc7 13. Qe2 Nxb3 14. axb3 Rd8
15. Rd1 Bf5 16. Nh4 a6 17. Nxf5 gxf5 18. Rd3 Kh8 19. Be3 Nd7 20. Rc1 Qd6 21.
Na4 Rac8 22. Rxc8 Rxc8 23. f4 b5 24. Nc3 Nc5 25. Bxc5 Rxc5 26. Qd2 Bh6 27. g3
Rc8 28. Qe3 Bf8 29. Qe5+ Bg7 30. Qxf5 Qc5+ 31. Kf1 Kg8 32. Qe4 b4 33. Nd1 Qb5
34. Qe2 Rd8 35. Ne3 Bxb2 36. Rd2 Qxe2+ 37. Kxe2 Bc3 38. Rd3 Kf8 1/2-1/2

[Event "Autumn Cup"]
[Site "Wellington Chess Club"]
[Date "2018.05.10"]
[Round "3.3.3"]
[White "Brockway, Andrew"]
[Black "Mullan, Brett"]
[Result "0-1"]
[WhiteElo "1888"]
[BlackElo "1920"]

1. e4 c5 2. Nc3 a6 3. f4 e6 4. Nf3 d5 5. d3 Nc6 6. g3 b5 7. Bg2 Bb7 8. O-O dxe4
9. Nxe4 Nf6 10. Qe2 Nd5 11. b3 Be7 12. Bb2 O-O 13. c4 Ndb4 14. a3 Qxd3 15. Qe1
Nc2 16. Qb1 Qxb3 17. Nc3 Rfd8 18. Ra2 Ne3 19. Rf2 bxc4 (19... Nxc4) 20. Nd2 Qc2
21. Qxc2 Nxc2 22. Nxc4 N2d4 23. Ba1 Rab8 24. Ne4 Nb3 25. Bc3 Rd1+ 26. Rf1 Rxf1+
27. Kxf1 Ncd4 28. Rb2 f5 29. Nf2 Bxg2+ 30. Kxg2 Nc6 31. Nd3 Nbd4 32. Rxb8+ Nxb8
33. Nde5 Nbc6 34. Nd3 Ne2 35. Bb2 Kf8 36. Kf2 Ned4 37. Ke3 Nb3 38. Ke2 Ncd4+
39. Ke3 Ke8 40. Nde5 Bf6 41. Kd3 Ke7 42. Nc6+ $2 Nxc6 43. Bxf6+ gxf6 44. Ne3
Nbd4 45. Kc4 Kd6 46. g4 h6 47. gxf5 Nxf5 48. Ng4 Na5+ 49. Kd3 Ke7 50. Nf2 h5
51. Ne4 c4+ 52. Kc3 Nd6 53. Nc5 e5 54. fxe5 fxe5 55. Nxa6 Kf6 56. Kd2 Kf5 57.
Ke3 Ne4 58. Nb4 Nb3 59. h3 c3 60. Nc2 Nd4 61. Nxd4+ exd4+ 62. Kd3 Nc5+ 0-1

[Event "Autumn Cup"]
[Site "Wellington Chess Club"]
[Date "2018.05.10"]
[Round "3.4.1"]
[White "Chen, Wei Kai"]
[Black "Stoeveken, Peter"]
[Result "1-0"]
[WhiteElo "1885"]
[BlackElo "1815"]

1. e4 c5 2. Nf3 Nc6 3. Nc3 e6 4. d4 cxd4 5. Nxd4 Bc5 6. Nf3 Qb6 7. Qd2 Bb4 8.
a3 Bxc3 9. Qxc3 Qa5 10. b4 Qd8 11. Qxg7 Qf6 12. Bb2 e5 13. Qxf6 Nxf6 14. Nxe5
Nxe5 15. Bxe5 Ke7 16. O-O-O Rd8 17. Bd6+ 1-0

[Event "Autumn Cup"]
[Site "Wellington Chess Club"]
[Date "2018.05.10"]
[Round "3.4.2"]
[White "Sole, Michael"]
[Black "Wevers, Alexis"]
[Result "0-1"]
[WhiteElo "1782"]
[BlackElo "1821"]

1. e4 e5 2. Nf3 Nf6 3. Nxe5 d6 4. Nf3 Nxe4 5. Nc3 Nxc3 6. dxc3 Be7 7. Be3 O-O
8. Qd2 Bf6 9. O-O-O Nc6 10. Nd4 Ne7 11. c4 Nf5 12. Nxf5 Bxf5 13. f3 a5 14. g4
Bd7 15. g5 Be7 16. h4 Bc6 17. Be2 a4 18. h5 a3 19. b3 b5 20. cxb5 Bb7 21. Rdg1
c5 22. g6 (22. bxc6 Bxc6 23. h6 g6 24. Qc3 f6) 22... d5 23. h6 fxg6 24. hxg7
Rf7 25. Bd3 Qd6 26. Qh2 Qxh2 27. Rxh2 Rxf3 28. Bxg6 hxg6 29. Rxg6 Kf7 30. Rh8
Rg8 31. Rxg8 Kxg8 32. Re6 Rxe3 33. Rxe3 Bg5 34. Kd2 d4 0-1

[Event "Autumn Cup"]
[Site "Wellington Chess Club"]
[Date "2018.05.10"]
[Round "3.4.3"]
[White "Farrington, Lawrence"]
[Black "Day, Fabian"]
[Result "0-1"]
[WhiteElo "1769"]
[BlackElo "1778"]

1. e4 c5 2. c3 Nf6 3. e5 Nd5 4. d4 cxd4 5. Qxd4 e6 6. Nf3 Nc6 7. Qe4 f5 8. Qe2
Be7 9. g3 O-O 10. Bg2 d6 11. Nbd2 dxe5 12. Nxe5 Nxe5 13. Qxe5 Bf6 14. Qe2 e5
15. O-O Be6 16. Nb3 Qc7 17. Nd4 Nxc3 18. bxc3 Bc4 {Neither scoresheet makes
sense now, which is a shame. Black won} 0-1

[Event "Autumn Cup"]
[Site "Wellington Chess Club"]
[Date "2018.05.10"]
[Round "3.7.7"]
[White "Asher, Bruce"]
[Black "Theodosiou, Andreas"]
[Result "0-1"]
[WhiteElo "1263"]
[BlackElo "1401"]

1. e4 e5 2. Nf3 Nc6 3. Bb5 d6 4. Nc3 Bd7 5. d4 a6 6. Bc4 b5 7. Bb3 Na5 8. Bd5
c6 9. b4 cxd5 10. bxa5 Qxa5 11. Bd2 dxe4 12. Nd5 Qd8 13. Nh4 Bc6 14. Nb4 Bb7
15. Nf5 g6 16. Ng3 a5 17. Qe2 Nf6 18. Qxb5+ Qd7 19. c4 axb4 20. dxe5 Qxb5 21.
cxb5 dxe5 22. O-O Bc5 23. Rfc1 Bd4 24. Rab1 Rxa2 25. Bxb4 Bxf2+ 26. Kf1 e3 27.
Rc7 Ng4 28. Re7+ Kf8 29. Rxb7+ Kg7 30. Bd2 Rxd2 0-1

[Event "Autumn Cup"]
[Site "Wellington Chess Club"]
[Date "2018.05.10"]
[Round "5.6.1"]
[White "Hall, Nathan"]
[Black "He, Caleb"]
[Result "1/2-1/2"]
[WhiteElo "1529"]
[BlackElo "1717"]

1. d4 Nf6 2. Bf4 g6 3. c4 Bg7 4. Nc3 d6 5. e4 b6 6. Qd2 Bb7 7. f3 c5 8. dxc5
bxc5 9. Bh6 O-O 10. Bd3 Nc6 11. Nge2 Ne5 12. Bxg7 Kxg7 13. Nf4 Ba6 14. b3 Qa5
15. Ncd5 Nxd3+ 16. Nxd3 Qxd2+ 17. Kxd2 Nxd5 18. exd5 Rfe8 19. Rae1 e6 20. dxe6
Rxe6 21. Nf4 Rxe1 22. Rxe1 Kf8 23. Nd5 Bb7 24. Nf6 h5 25. Kc3 Bc6 26. a3 Kg7
27. Ne4 Bxe4 28. Rxe4 a5 29. Re2 f5 30. Rd2 Rd8 31. b4 axb4+ 32. axb4 cxb4+ 33.
Kxb4 Rb8+ 34. Ka5 Rc8 35. Kb5 Rb8+ 36. Kc6 Rc8+ 37. Kd5 Rc5+ 38. Kd4 Kf6 39.
Re2 Kf7 1/2-1/2

[Event "Autumn Cup"]
[Site "Wellington Chess Club"]
[Date "2018.05.10"]
[Round "5.7.2"]
[White "Darr, Samuel"]
[Black "Stannard, Lars"]
[Result "0-1"]
[WhiteElo "1522"]
[BlackElo "1402"]

1. e4 Nc6 2. d4 d5 3. e5 e6 4. Nf3 h6 5. Bb5 Bd7 6. Nc3 Nge7 7. Qe2 Nf5 8. Be3
Bb4 9. a3 Bxc3+ 10. bxc3 a6 11. Bd3 O-O 12. O-O b5 13. Rfb1 Nce7 14. Bd2 Ng6
15. h3 c6 16. a4 Qc7 17. Ra3 Rab8 18. axb5 axb5 19. Rba1 Rfc8 20. Ra7 Rb7 21.
Ra8 Rxa8 22. Rxa8+ Rb8 23. Rxb8+ Qxb8 24. Qe1 Qa7 25. Bc1 Nfh4 26. Bxg6 Nxf3+
27. gxf3 fxg6 28. Kh2 c5 29. Be3 c4 30. Qg1 Be8 31. Qg4 Qf7 32. f4 h5 33. Qd1
Qf5 34. h4 Qe4 35. Qe2 Qf5 36. Kg3 Kh7 37. f3 Qf8 38. Bc1 b4 39. cxb4 Qxb4 40.
Bd2 c3 41. Be1 Qxd4 42. Qd3 Qg1+ 0-1

[Event "Autumn Cup"]
[Site "Wellington Chess Club"]
[Date "2018.05.10"]
[Round "5.7.3"]
[White "Kibblewhite, Daniel"]
[Black "Sole, Christopher"]
[Result "1-0"]
[WhiteElo "1486"]
[BlackElo "1143"]

1. d4 d5 2. c4 dxc4 3. e3 Be6 4. Nc3 Bd5 5. e4 Be6 6. d5 Bd7 7. Bxc4 g6 8. Nf3
Bg7 9. O-O Bg4 10. h3 Bd7 11. Re1 e5 12. dxe6 Bxe6 13. Bxe6 fxe6 14. Bg5 Qxd1
15. Raxd1 Nd7 16. Nb5 Rc8 17. Nxa7 Ra8 18. Nb5 Rc8 19. b3 Ngf6 20. e5 Nd5 21.
Nfd4 c5 22. Nd6+ Kf8 23. Nxc8 Kf7 24. Nd6+ 1-0

[Event "Autumn Cup"]
[Site "Wellington Chess Club"]
[Date "2018.05.17"]
[Round "4.1.1"]
[White "Dive, Russell"]
[Black "Nijman, Brian"]
[Result "0-1"]
[WhiteElo "2453"]
[BlackElo "2155"]

1. Nf3 d5 2. c4 Nf6 3. cxd5 Nxd5 4. d4 e6 5. e4 Nb6 6. Nc3 Be7 7. Bd3 Na6 8.
Be3 O-O 9. O-O Bd7 10. a3 Rc8 11. b4 Qe8 12. Qe2 Nb8 13. Rab1 a6 14. Ne5 Na4
15. Nxa4 Bxa4 16. Qg4 Bb5 17. Bh6 Bf6 18. Bxb5 axb5 19. Nf3 Kh8 20. e5 gxh6 21.
exf6 Rg8 22. Qf4 Nd7 23. Ne5 Rg5 24. Rb3 Rf5 25. Qxh6 Rxf6 26. Qh4 Rf5 27. Rh3
Nf8 28. g4 Rf4 29. Qg5 Re4 30. Rf3 Ng6 31. Rxf7 Kg8 32. f3 $4 (32. Qf6 {wins
immediately} ) 32... Rxe5 33. dxe5 Qxf7 34. f4 Qe7 35. Qh5 Qh4 36. Qxh4 Nxh4
37. Kf2 Ng6 38. Ke3 Ra8 39. Kd4 Rxa3 40. f5 Nf8 41. Rc1 Rb3 42. Rxc7 Rxb4+ 43.
Ke3 Rxg4 44. f6 Rh4 45. Rg7+ Kh8 46. Rf7 Ng6 47. Rxb7 Kg8 48. Rxb5 Rh5 49. Kd4
Rxe5 50. Rb8+ Kf7 51. Rb7+ Kxf6 52. Rxh7 Ra5 53. Ke3 Ra4 54. Rb7 Rh4 55. Rb2
Kf5 56. Kf3 Rh3+ 57. Kg2 Nf4+ 58. Kg1 Rd3 59. Kf2 Rh3 60. Kg1 e5 61. Rb8 Ra3
62. Rh8 e4 63. Rf8+ Kg4 64. Rg8+ Kf5 65. Rf8+ Ke5 66. Re8+ Kd4 67. Kf2 Rf3+ 68.
Kg1 e3 69. Rd8+ Ke4 70. Re8+ Kd3 71. Rd8+ Ke2 72. h4 Rh3 73. Rh8 Kf3 74. Rh7
Ne2+ 0-1

[Event "Autumn Cup"]
[Site "Wellington Chess Club"]
[Date "2018.05.17"]
[Round "4.4.1"]
[White "Stoeveken, Peter"]
[Black "Farrington, Lawrence"]
[Result "1-0"]
[WhiteElo "1815"]
[BlackElo "1769"]

1. d4 d5 2. Nf3 e6 3. c4 Nc6 4. Nc3 dxc4 5. e3 Nf6 6. Bxc4 Bd7 7. O-O Be7 8. e4
Na5 9. Bd3 c5 10. Bg5 cxd4 11. Nxd4 Ng8 12. Be3 Nf6 13. Qf3 O-O 14. e5 Ne8 15.
Qh3 g6 16. f4 Ng7 17. Rf3 Nc6 18. Qh6 Re8 19. Rh3 Nh5 20. Rxh5 Bb4 21. Qxh7+
Kf8 22. Qh8+ 1-0

[Event "Autumn Cup"]
[Site "Wellington Chess Club"]
[Date "2018.05.17"]
[Round "4.4.2"]
[White "Wevers, Alexis"]
[Black "Day, Fabian"]
[Result "0-1"]
[WhiteElo "1821"]
[BlackElo "1778"]

1. d4 Nf6 2. c4 g6 3. Nc3 Bg7 4. e4 d6 5. Bd3 O-O 6. Nge2 c5 7. d5 e6 8. Qc2
exd5 9. exd5 Re8 10. Bg5 h6 11. Bd2 Nbd7 12. f4 a6 13. O-O-O b5 14. Rhg1 bxc4
15. Bxc4 Nb6 16. Bd3 c4 17. Be4 Nxe4 18. Nxe4 Bf5 19. N2g3 Bxe4 20. Nxe4 Nxd5
21. g4 Qb6 22. Nc3 Nb4 23. Na4 Qxg1 24. Bxb4 Qxg4 25. Bxd6 Qe2 26. Nc3 Qxc2+
27. Kxc2 Bxc3 28. Kxc3 Rad8 29. Rd4 Re6 30. Be5 Rxd4 31. Kxd4 f6 32. Bc7 Re2
33. f5 gxf5 34. Kc3 Kg7 35. Bg3 Re4 36. b4 cxb3 37. axb3 f4 38. Bf2 Re2 0-1

[Event "Autumn Cup"]
[Site "Wellington Chess Club"]
[Date "2018.05.17"]
[Round "4.4.3"]
[White "Sole, Michael"]
[Black "Chen, Wei Kai"]
[Result "1/2-1/2"]
[WhiteElo "1782"]
[BlackElo "1885"]

1. e4 c6 2. d4 d5 3. e5 Bf5 4. Nc3 e6 5. g4 Bg6 6. Nge2 c5 7. h4 h5 8. Nf4 Bh7
9. Nxh5 cxd4 10. Qxd4 Nc6 11. Bb5 Ne7 12. f4 Bg6 13. Ng3 Qd7 14. Qf2 O-O-O 15.
Bxc6 Nxc6 16. f5 d4 17. Bg5 Be7 18. Bxe7 Qxe7 19. fxg6 dxc3 20. bxc3 fxg6 21.
Ne4 Nxe5 22. Qxa7 Nc6 23. Qc5 Qc7 24. Rd1 Qf4 25. Nd6+ Kb8 26. Rd3 Ne5 27. Re3
Nf3+ 28. Ke2 Rxd6 29. Rxf3 Rd2+ 30. Ke1 Qxf3 31. Qe5+ Kc8 32. Qc5+ Kd8 33. Kxd2
Qxh1 34. Qd6+ Ke8 35. Qxe6+ Kf8 36. Qc8+ Kf7 37. Qxh8 Qg2+ 38. Kd3 Qxg4 39. Qb8
Qd7+ 40. Ke4 Qc6+ 1/2-1/2

[Event "Autumn Cup"]
[Site "Wellington Chess Club"]
[Date "2018.05.17"]
[Round "4.5.1"]
[White "Rabina, Romeo"]
[Black "Dixon, Hamish"]
[Result "1/2-1/2"]
[WhiteElo "1725"]
[BlackElo "1708"]

1. b3 d5 2. e3 Bf5 3. Bb2 e6 4. Be2 Nf6 5. Nf3 h6 6. c4 Be7 7. O-O O-O 8. d3
Nc6 9. Qc1 Nh7 10. Rd1 Bf6 11. Nc3 a6 12. e4 Bg6 13. cxd5 exd5 14. Nxd5 Bxb2
15. Qxb2 Re8 16. Nf4 Qd6 17. g3 Rad8 18. Rac1 Nf6 19. Nxg6 fxg6 20. Nh4 Kh7 21.
Qc3 Rd7 22. Nf3 Nb4 23. Qa1 Nc6 24. a3 Rde7 25. Qb2 Nd7 26. b4 Nce5 27. d4 Nf7
28. e5 Qb6 29. Bd3 c6 30. Nh4 Nh8 31. Re1 Nf6 32. Nf3 Nd5 33. Be4 Kg8 34. Rc5
Qd8 35. Qb1 Re6 36. Nh4 Ne7 37. Qb3 Qd7 38. Qc4 Rd8 39. Rd1 Kh7 40. Bf3 Nf5 41.
Nxf5 gxf5 42. Qc2 g6 43. a4 Re7 44. Qe2 Nf7 45. h4 Rde8 46. g4 Nd8 47. Rc2 Qe6
48. a5 Qb3 49. Rb2 Qf7 50. gxf5 Qxf5 51. Bg4 Qf4 52. Rb3 h5 53. Bxh5 gxh5 54.
Qxh5+ Qh6 55. Qf5+ Kh8 56. Rg3 Qf8 1/2-1/2

[Event "Autumn Cup"]
[Site "Wellington Chess Club"]
[Date "2018.05.17"]
[Round "4.6.3"]
[White "Benitez, Rick"]
[Black "Stracy, Don"]
[Result "1/2-1/2"]
[WhiteElo "1551"]
[BlackElo "1631"]

1. e4 c5 2. Nc3 Nc6 3. Nf3 e6 4. d3 d6 5. g3 g6 6. Bg2 Bg7 7. Bd2 Nge7 8. Qc1
O-O 9. O-O Bd7 10. Bh6 Nd4 11. Bxg7 Nxf3+ 12. Bxf3 Kxg7 13. Bg2 Rb8 14. b3 b5
15. Qb2 e5 16. Ne2 Nc6 17. f4 Qf6 18. Qc1 Bg4 19. Qd2 Nd4 20. Nxd4 cxd4 21.
Rac1 Qe6 22. c3 dxc3 23. Rxc3 Rbc8 24. Rfc1 Rxc3 25. Rxc3 Rc8 26. d4 f6 27. d5
Qd7 28. Kf2 Rxc3 29. Qxc3 Qc8 30. Qxc8 Bxc8 31. b4 Kf7 32. h4 h6 33. Ke3 Ke7
34. Bf3 g5 35. hxg5 hxg5 36. f5 Bd7 37. Kd3 Kd8 38. Kc3 Kc7 39. a3 1/2-1/2

[Event "Autumn Cup"]
[Site "Wellington Chess Club"]
[Date "2018.05.17"]
[Round "4.7.2"]
[White "Stannard, Lars"]
[Black "Stannard, Bobby"]
[Result "1-0"]
[WhiteElo "1402"]
[BlackElo "1306"]

1. d4 d5 2. Nf3 c5 3. e3 Nc6 4. g3 Nf6 5. Bg2 Qc7 6. a3 e5 7. dxe5 Nxe5 8. Nc3
Be6 9. Nxe5 Qxe5 10. Qd2 Be7 11. Nb5 a6 12. f4 Qb8 13. Nc3 Qd6 14. O-O O-O 15.
b3 Ng4 16. Qe2 Rac8 17. Bb2 b5 18. Bf3 Nxe3 19. Nxb5 axb5 20. Qxe3 Qc7 21. Rab1
c4 22. b4 c3 23. Ba1 Bf6 24. Be2 d4 25. Qf3 Bc4 26. Bxc4 Qxc4 27. Rbc1 Rcd8 28.
g4 Ra8 29. g5 Be7 30. Rfe1 Rfe8 31. Rxe7 Rad8 32. Qe4 Rxe7 33. Qxe7 Rf8 34. Qc5
Rc8 35. Re1 f6 36. Qxc4+ Rxc4 37. Kf2 fxg5 38. fxg5 Kf7 39. Re4 Kg6 40. Ke2
Kxg5 41. Kd3 Kf5 42. Rxd4 Rxd4+ 43. Kxd4 g5 44. Ke3 h5 45. Bxc3 g4 46. Be1 Kg5
47. c4 bxc4 48. b5 h4 49. b6 c3 50. Kd3 g3 51. Bxg3 1-0

[Event "Autumn Cup"]
[Site "Wellington Chess Club"]
[Date "2018.05.17"]
[Round "4.7.4"]
[White "Theodosiou, Andreas"]
[Black "Darr, Samuel"]
[Result "1-0"]
[WhiteElo "1401"]
[BlackElo "1522"]

1. d4 d5 2. Nf3 Nf6 3. c4 e6 4. Nc3 c5 5. Bg5 Be7 6. e3 h6 7. Bxf6 Bxf6 8. cxd5
exd5 9. Bb5+ Kf8 10. Qb3 Be6 11. Rd1 c4 12. Qa3+ Kg8 13. O-O a6 14. Ba4 Be7 15.
b4 cxb3 16. Qb2 Qc7 17. Ne2 a5 18. Rc1 Qb6 19. Bxb3 a4 20. Nf4 axb3 21. Nxe6
fxe6 22. Rc8+ Kh7 23. Qb1+ g6 24. Ne5 Rf8 25. Qxg6+ Kh8 26. Qxh6+ Kg8 27. Qg6+
Kh8 28. Nf7# 1-0

[Event "Autumn Cup"]
[Site "Wellington Chess Club"]
[Date "2018.05.18"]
[Round "4.2.1"]
[White "Sellen, Ian"]
[Black "Rossiter, Philip"]
[Result "1-0"]
[WhiteElo "2085"]
[BlackElo "2010"]

1. c4 Nf6 2. Nc3 d5 3. cxd5 Nxd5 4. g3 g6 5. Bg2 Nxc3 6. bxc3 c5 7. Qb3 Qc7 8.
Qb5+ Nd7 9. Nf3 Bg7 10. Rb1 O-O 11. O-O Rb8 12. d4 a6 13. Qb2 b5 14. Bf4 e5 15.
dxe5 Nxe5 16. Nd4 Bb7 17. e4 Qe7 18. Bxe5 Qxe5 19. f4 Qe7 20. Nb3 Rfe8 21. Rfe1
Rbd8 22. e5 Bd5 23. Qf2 Bxg2 24. Kxg2 Rd3 25. Nxc5 Rxc3 26. Ne4 Rc6 27. Rbd1
Rec8 28. Rd2 Qb7 29. Qf3 Qb6 30. Nd6 Rc2 31. Ree2 R8c3 32. Qa8+ 1-0

[Event "Autumn Cup"]
[Site "Wellington Chess Club"]
[Date "2018.05.18"]
[Round "4.3.2"]
[White "Wilkins, Mark"]
[Black "Benitez, Edgar"]
[Result "0-1"]
[WhiteElo "1922"]
[BlackElo "1908"]

1. d4 c5 2. Nf3 f5 3. d5 Nf6 4. Nc3 g6 5. Bf4 Qb6 6. Qc1 Bg7 7. Rb1 O-O 8. h4
d6 9. Bh6 Na6 10. Bxg7 Kxg7 11. h5 f4 12. hxg6 hxg6 13. Qxf4 Ng4 14. Qd2 Bd7
15. Ng5 Rh8 16. Rxh8 Rxh8 17. Ne6+ Bxe6 18. dxe6 Nc7 19. Qg5 Nf6 20. Qe3 d5 21.
Qe5 Rh5 22. Qg3 Nxe6 23. e3 d4 24. Nd1 Qa5+ 25. c3 Qxa2 26. Bd3 Rg5 27. Qh3
dxe3 28. Nxe3 Nf4 0-1

[Event "Autumn Cup"]
[Site "Wellington Chess Club"]
[Date "2018.05.24"]
[Round "5.1.1"]
[White "Ker, Anthony"]
[Black "Croad, Nicolas"]
[Result "0-1"]
[WhiteElo "2472"]
[BlackElo "2422"]

1. e4 e5 2. Nf3 Nc6 3. Bc4 Bc5 4. c3 Nf6 5. d4 exd4 6. cxd4 Bb4+ 7. Nbd2 Nxe4
8. d5 Bxd2+ 9. Nxd2 Nxd2 10. Bxd2 Ne5 11. O-O O-O 12. Be2 d6 13. f4 Nd7 14. Rc1
a5 15. Bd3 Nc5 16. Bb1 Qh4 17. Bc3 Bg4 18. Qd4 f6 19. Rce1 Rfe8 20. Bxa5 Rxe1
21. Bxe1 Qh5 22. Bb4 b6 23. Re1 Re8 24. Rxe8+ Qxe8 25. h3 Bh5 26. g4 Bg6 27.
Bxg6 hxg6 28. Kf2 Qb5 29. Bc3 Nd3+ 30. Kg3 Nc1 31. Qe4 Qf1 32. Bxf6 Ne2+ 33.
Kh4 Nxf4 34. Bxg7 Qf2+ 35. Kg5 Nxh3+ 0-1

[Event "Autumn Cup"]
[Site "Wellington Chess Club"]
[Date "2018.05.24"]
[Round "5.1.2"]
[White "Timergazi, Layla"]
[Black "Dive, Russell"]
[Result "0-1"]
[WhiteElo "2119"]
[BlackElo "2453"]

1. d4 Nf6 2. c4 e6 3. Nc3 Bb4 4. g3 c5 5. Nf3 Bxc3+ 6. bxc3 Nc6 7. Bg2 O-O 8.
O-O d6 9. Ne1 e5 10. dxc5 dxc5 11. Nd3 Qc7 12. Be3 Na5 13. Bd5 Bh3 14. Re1 Rfd8
15. Bg5 Rxd5 16. cxd5 Nxd5 17. e4 Nxc3 18. Qc2 Nb5 19. Be3 b6 20. a4 Nd4 21.
Bxd4 exd4 22. Nf4 Bg4 23. h3 Bd7 24. e5 Re8 25. Nd5 Qc6 26. Nf4 Qc7 27. Nd5 Qb8
28. Qd2 Rxe5 29. Ne7+ Kf8 30. Rxe5 Qxe5 31. Re1 Qd6 32. Qg5 h6 33. Qh5 Be6 34.
Ng6+ Kg8 35. Nf4 Bd7 36. Nd5 Nc6 37. Nf4 d3 0-1

[Event "Autumn Cup"]
[Site "Wellington Chess Club"]
[Date "2018.05.24"]
[Round "5.1.3"]
[White "Nijman, Brian"]
[Black "Nyberg, Michael"]
[Result "0-1"]
[WhiteElo "2155"]
[BlackElo "2109"]

1. Nc3 c5 2. g3 g6 3. Bg2 Bg7 4. d3 Nf6 5. Bd2 Nc6 6. Qc1 a6 7. Nh3 Rb8 8. Nf4
b6 9. h4 h5 10. Rb1 Bb7 11. a3 e6 12. b4 cxb4 13. axb4 d5 14. b5 Nd4 15. bxa6
Bxa6 16. e3 Nf5 17. Qa3 Ra8 18. Qa4+ Nd7 19. Qb4 Bf8 20. Qb3 Rb8 21. Qa4 Ra8
22. Qb3 Rb8 23. Ra1 Nc5 24. Qb2 d4 25. Bc6+ Ke7 26. Rxa6 Nxa6 27. Ne4 Nc5 28.
Bb4 Bg7 29. Nxc5 bxc5 30. Bxc5+ Nd6 31. Qa3 dxe3 32. O-O exf2+ 33. Rxf2 Qc7 34.
Bxd6+ Qxd6 35. Qa7+ Kd8 36. Qxf7 Rb1+ 37. Kh2 Qxc6 38. Nxe6+ Kc8 39. Rg2 Be5
40. d4 Re8 41. d5 Qd7 42. Qxg6 Re7 43. c4 Rb2 44. Rxb2 Bxb2 45. Nc5 Re2+ 46.
Kg1 Bd4+ 47. Kf1 Rf2+ 48. Ke1 Bxc5 49. Qa6+ Kd8 0-1

[Event "Autumn Cup"]
[Site "Wellington Chess Club"]
[Date "2018.05.24"]
[Round "5.2.1"]
[White "Winter, Ryan"]
[Black "Sellen, Ian"]
[Result "1-0"]
[WhiteElo "1999"]
[BlackElo "2085"]

1. e4 e6 2. Nc3 d5 3. Nf3 Nf6 4. e5 Nfd7 5. d4 c5 6. dxc5 Bxc5 (6... Nc6 {is
more common here, but the move played is fine too} ) 7. Bd3 Nc6 8. Bf4 a6 (
{or} 8... f6 {, which is also more commonly played} ) 9. O-O Be7 10. Re1 b5 11.
h4 $5 {Ryan said after the game he just "wanted" to play this move. He felt,
reasonably, that giving up a pawn was worth it to remove any black control over
his own dark squares} 11... Nc5 {First there's time to force white's pieces to
less active positions} 12. Bf1 b4 13. Ne2 Bxh4 {I'm still not sure if I should
have taken this pawn. It certainly doesn't lose, but I have to play carefully
now.} 14. Nxh4 Qxh4 15. g3 Qe7 ( {probably better} 15... Qh5 {as suggested by
Ross Jackson after the game, e.g.} 16. Nd4 Qxd1 17. Raxd1 Nxd4 18. Rxd4 { and
the exchanges should favour black} ) 16. Nd4 Bb7 17. Nxc6 Bxc6 18. Qg4 $1 {This
move disconcerted me somewhat. I had not really considered it, but it is a very
logical move!} 18... O-O $4 ( {You'd think to a seasoned French player like
myself} 18... Kf8 $1 { would have been played almost instinctively! In this
case I can reasonably expect to free the rook with an h5 played at some
propitious time} ) 19. Bg5 Qd7 $2 ( {and now checkmate is unavoidable. I had to
give up the exchange with} 19... f6) 20. Bf6 g6 21. Qg5 1-0

[Event "Autumn Cup"]
[Site "Wellington Chess Club"]
[Date "2018.05.24"]
[Round "5.2.2"]
[White "Pomeroy, Arthur"]
[Black "Forster, Bill"]
[Result "1/2-1/2"]
[WhiteElo "2093"]
[BlackElo "2051"]

1. e4 c5 2. Nc3 a6 3. Nf3 b5 4. d4 cxd4 5. Nxd4 Bb7 6. Bd3 e6 7. O-O Bc5 8. Nb3
Bb6 9. Qe2 Ne7 10. Be3 O-O 11. Kh1 d6 12. f4 Nd7 13. Rae1 b4 14. Nd1 e5 15. Rf3
Bxe3 16. Nxe3 exf4 17. Rxf4 Ne5 18. Nd4 Rc8 19. Nef5 N7g6 20. Rff1 Qb6 21. Qh5
Rc5 22. Re3 Nd7 23. Rh3 Nf6 24. Qe2 Ra5 25. Nb3 Re5 26. Nh6+ 1/2-1/2

[Event "Autumn Cup"]
[Site "Wellington Chess Club"]
[Date "2018.05.24"]
[Round "5.2.3"]
[White "Rossiter, Philip"]
[Black "Jackson, Ross"]
[Result "0-1"]
[WhiteElo "2010"]
[BlackElo "1986"]

1. c4 d6 2. Nc3 g6 3. g3 Bg7 4. Bg2 e5 5. Nf3 f5 6. d4 e4 7. Ng5 h6 8. Nh3 g5
9. Be3 Nf6 10. Qd2 Ng4 11. O-O-O Nxe3 12. Qxe3 O-O 13. f3 exf3 14. Bxf3 Nc6 15.
Nf2 Ne7 16. h4 g4 17. Bg2 c6 18. Nd3 Ng6 19. Nf4 Re8 20. Qd2 Nxf4 21. Qxf4 Qf6
22. Rhf1 h5 23. Ne4 Rxe4 0-1

[Event "Autumn Cup"]
[Site "Wellington Chess Club"]
[Date "2018.05.24"]
[Round "5.3.1"]
[White "Benitez, Edgar"]
[Black "Brockway, Andrew"]
[Result "1/2-1/2"]
[WhiteElo "1908"]
[BlackElo "1888"]

1. d4 Nf6 2. Nf3 e6 3. e3 d5 4. Bd3 c5 5. c3 Nbd7 6. O-O b6 7. Re1 Bb7 8. Nbd2
Ne4 9. Bb5 Bd6 10. Qa4 Nxd2 11. Bxd2 a6 12. Bxd7+ Qxd7 13. Qxd7+ Kxd7 14. dxc5
bxc5 15. Rac1 c4 16. b3 Rac8 17. b4 Bc6 18. Nd4 f5 19. f4 g6 20. Ra1 Ba4 21. a3
Rhe8 22. g3 e5 23. fxe5 Bxe5 24. Kf2 Bxd4 25. exd4 Re4 26. Re3 Rce8 27. Rae1
1/2-1/2

[Event "Autumn Cup"]
[Site "Wellington Chess Club"]
[Date "2018.05.24"]
[Round "5.3.2"]
[White "Aldridge, Alan"]
[Black "Mullan, Brett"]
[Result "1/2-1/2"]
[WhiteElo "1934"]
[BlackElo "1920"]

1. d4 Nf6 2. c4 e6 3. Nf3 b6 4. Nc3 Bb4 5. Qc2 Bb7 6. Bd2 O-O 7. e3 d6 8. Bd3
h6 9. O-O-O Nbd7 10. e4 Bxc3 11. Bxc3 d5 12. cxd5 exd5 13. e5 Ne4 14. Bxe4 dxe4
15. Nd2 f5 16. Qb3+ Kh8 17. Kb1 Qe7 18. Rhe1 c5 19. f3 cxd4 20. Bxd4 exf3 21.
Nxf3 Nc5 22. Bxc5 Qxc5 23. Rc1 Qa5 24. Qc3 Qxc3 25. Rxc3 Rac8 26. Rec1 Rxc3 27.
Rxc3 Re8 28. Re3 Rc8 29. Re1 Be4+ 30. Ka1 g5 31. Nd4 Kg7 32. g3 Kf7 33. b3 Rc3
34. Nb5 Rc2 35. h3 a6 36. Nd6+ Ke6 37. Nxe4 fxe4 38. Rxe4 Rc3 39. g4 b5 40. Kb2
Rxh3 41. a4 Rh4 42. axb5 axb5 43. Rb4 Kxe5 44. Rxb5+ Kd4 45. Rb6 Rh2+ 46. Ka3
Kc5 47. Rf6 Rh3 48. Ka4 Rh1 49. Rf5+ Kb6 50. Rf6+ 1/2-1/2

[Event "Autumn Cup"]
[Site "Wellington Chess Club"]
[Date "2018.05.24"]
[Round "5.4.1"]
[White "Chen, Wei Kai"]
[Black "Wevers, Alexis"]
[Result "1-0"]
[WhiteElo "1885"]
[BlackElo "1821"]

1. e4 e5 2. Nf3 Nf6 3. Nc3 Nc6 4. Bb5 d6 5. O-O Bd7 6. d4 exd4 7. Nxd4 a6 8.
Ba4 b5 9. Bb3 Na5 10. f4 c5 11. e5 cxd4 12. exf6 Nxb3 13. Re1+ Be6 14. axb3
dxc3 15. f5 Qxf6 16. Qd5 Ra7 17. fxe6 cxb2 18. Bxb2 Qxb2 19. exf7+ Kd7 20. Rxa6
1-0